[Event "4NCL/Div2/PAP vs. CHEDP"]
[Site "Wokefield Park ENG"]
[Date "2008.03.02"]
[Round "8.1"]
[White "Emms, John M"]
[Black "Bellin, Robert"]
[Result "1-0"]
[WhiteElo "2502"]
[BlackElo "2385"]
[PlyCount "73"]
[EventDate "2008.03.02"]
[EventType "team"]
[EventRounds "11"]
[EventCountry "ENG"]
[SourceDate "2007.09.15"]

1. e4 c5 2. c3 d6 3. d4 Nf6 4. Bd3 e5 5. dxe5 dxe5 6. Nf3 Qc7 7. Nbd2 Be7 8.
O-O Nc6 9. a4 Bg4 10. h3 Bh5 11. Nc4 O-O-O 12. Qe2 h6 13. Rd1 Bg6 14. Re1 Nh5
15. Bc2 f6 16. Nfxe5 Nxe5 17. Nxe5 fxe5 18. Qg4+ Kb8 19. Qxg6 Nf4 20. Bxf4 exf4
21. e5 c4 22. Rad1 Bc5 23. e6 Qe7 24. Qf7 Rxd1 25. Rxd1 Qxf7 26. exf7 Kc7 27.
Re1 Rf8 28. Bg6 a6 29. Re8 f3 30. gxf3 b5 31. axb5 axb5 32. Kg2 b4 33. f4 Kb6
34. Kf3 Kb5 35. Ke4 bxc3 36. bxc3 Ba3 37. Kd5 1-0

[Event "4NCL/Div2/PAP vs. CHEDP"]
[Site "Wokefield Park ENG"]
[Date "2008.03.02"]
[Round "8.2"]
[White "Wallace, Paul A"]
[Black "Summerscale, Aaron"]
[Result "1/2-1/2"]
[WhiteElo "2267"]
[BlackElo "2475"]
[PlyCount "92"]
[EventDate "2008.03.02"]
[EventType "team"]
[EventRounds "11"]
[EventCountry "ENG"]
[SourceDate "2007.09.15"]

1. e4 Nf6 2. e5 Nd5 3. d4 d6 4. Nf3 dxe5 5. Nxe5 c6 6. Bd3 Nd7 7. Nxd7 Bxd7 8.
O-O e6 9. c4 Nf6 10. Nc3 Be7 11. Bf4 O-O 12. c5 Nd5 13. Nxd5 exd5 14. Re1 Re8
15. Qd2 b6 16. b4 a5 17. a3 axb4 18. axb4 b5 19. Ra5 Rxa5 20. bxa5 Bc8 21. h3
Bf6 22. Bc7 Rxe1+ 23. Qxe1 Qe7 24. Qe3 g6 25. Be5 Bxe5 26. Qxe5 Qxe5 27. dxe5
h5 28. f4 Kf8 29. g4 hxg4 30. hxg4 g5 31. Bf5 Ba6 32. fxg5 b4 33. Kf2 d4 34.
Ke1 Ke7 35. Kd2 b3 36. g6 fxg6 37. Bxg6 Ke6 38. Be4 Bb5 39. a6 Bxa6 40. Bxc6
Kxe5 41. Ba4 Bc4 42. c6 Kd6 43. c7 Kxc7 44. Bxb3 Bxb3 45. Kd3 Kd6 46. Kxd4 Ke6
1/2-1/2

[Event "4NCL/Div2/PAP vs. CHEDP"]
[Site "Wokefield Park ENG"]
[Date "2008.03.02"]
[Round "8.3"]
[White "Ward, Chris G"]
[Black "Sharp, John R"]
[Result "1-0"]
[WhiteElo "2440"]
[BlackElo "2155"]
[PlyCount "43"]
[EventDate "2008.03.02"]
[EventType "team"]
[EventRounds "11"]
[EventCountry "ENG"]
[SourceDate "2007.09.15"]

1. d4 e6 2. Nf3 f5 3. h3 Nf6 4. g4 Ne4 5. Rg1 Be7 6. gxf5 Bh4 7. Be3 exf5 8.
Nbd2 d5 9. Nxe4 dxe4 10. Nxh4 Qxh4 11. Bg5 Qh5 12. e3 Qf7 13. d5 Nd7 14. Qd4
Nb6 15. O-O-O Bd7 16. Qe5+ Kf8 17. Qxc7 Rc8 18. Qd6+ Kg8 19. Bf6 g6 20. h4 Ba4
21. b3 Nd7 22. Bb2 1-0

[Event "4NCL/Div2/PAP vs. CHEDP"]
[Site "Wokefield Park ENG"]
[Date "2008.03.02"]
[Round "8.4"]
[White "Bennett, Patrick"]
[Black "Milliet, Sophie"]
[Result "0-1"]
[WhiteElo "2131"]
[BlackElo "2376"]
[PlyCount "80"]
[EventDate "2008.03.02"]
[EventType "team"]
[EventRounds "11"]
[EventCountry "ENG"]
[SourceDate "2007.09.15"]

1. d4 Nf6 2. c4 c5 3. d5 b5 4. cxb5 a6 5. b6 d6 6. Nc3 Nbd7 7. e4 g6 8. Nf3 Bg7
9. Be2 O-O 10. O-O Nxb6 11. h3 e6 12. dxe6 Bxe6 13. Bg5 Nc4 14. Qc2 h6 15. Bh4
g5 16. Bg3 Nh5 17. Bxc4 Bxc4 18. Rfd1 Nxg3 19. fxg3 Qe7 20. Rd2 Rab8 21. Rad1
Rfd8 22. b3 Be6 23. Nd5 Qa7 24. Kh2 a5 25. Ne3 a4 26. Nc4 axb3 27. axb3 Bxc4
28. Qxc4 Qe7 29. Qc2 Rb4 30. Re1 Rdb8 31. Qd1 Bc3 32. Rxd6 Bxe1 33. Nxe1 Rxe4
34. Nf3 Re6 35. Rd7 Qf6 36. Qd3 Rbe8 37. Rd5 Re3 38. Qb1 Qe6 39. Rxc5 Rxf3 40.
Qc2 Qe2 0-1

[Event "4NCL/Div2/PAP vs. CHEDP"]
[Site "Wokefield Park ENG"]
[Date "2008.03.02"]
[Round "8.5"]
[White "Hamdouchi, Adina"]
[Black "Berglitz, Regina H"]
[Result "1/2-1/2"]
[WhiteElo "2288"]
[BlackElo "2099"]
[PlyCount "89"]
[EventDate "2008.03.02"]
[EventType "team"]
[EventRounds "11"]
[EventCountry "ENG"]
[SourceDate "2007.09.15"]

1. d4 d5 2. Nf3 Nf6 3. g3 Bf5 4. Bg2 c6 5. O-O e6 6. b3 Nbd7 7. Bb2 Bd6 8. c4
O-O 9. Nc3 Qe7 10. Nd2 Bc7 11. Re1 Rfe8 12. Qc1 dxc4 13. e4 Bg6 14. Nxc4 b5 15.
Ne3 Rac8 16. e5 Nd5 17. Ncxd5 cxd5 18. Qd2 Bb6 19. Bf1 b4 20. Ba6 Rc7 21. a4
Ba5 22. Rac1 Rxc1 23. Rxc1 f6 24. Bb5 Rf8 25. f4 Be4 26. Bd3 Bxd3 27. Qxd3 fxe5
28. fxe5 Bb6 29. Kg2 Qg5 30. Re1 Nb8 31. Qc2 Qh5 {=} 32. Rf1 Rxf1 33. Nxf1 Nd7
34. h3 Nf8 35. Nh2 Qg6 36. Qxg6 Nxg6 37. Nf3 h6 38. Ne1 Ne7 39. Kf3 Nc6 40. Nc2
Kf7 41. Ke2 h5 42. Kd3 Kg6 43. Bc1 Kf5 44. Bd2 a5 45. Be3 1/2-1/2

[Event "4NCL/Div2/PAP vs. CHEDP"]
[Site "Wokefield Park ENG"]
[Date "2008.03.02"]
[Round "8.6"]
[White "Hamblin, David J"]
[Black "Yurenok, Maria S"]
[Result "1/2-1/2"]
[WhiteElo "2028"]
[BlackElo "2033"]
[PlyCount "52"]
[EventDate "2008.03.02"]
[EventType "team"]
[EventRounds "11"]
[EventCountry "ENG"]
[SourceDate "2007.09.15"]

1. d4 d5 2. c4 c6 3. Nc3 Nf6 4. e3 e6 5. Bd3 Bd6 6. a3 O-O 7. c5 Bc7 8. f4 b6
9. b4 bxc5 10. bxc5 Ba5 11. Bd2 Bxc3 12. Bxc3 Ne4 13. Qc2 Qh4+ 14. Kf1 Ng3+ 15.
hxg3 Qxh1 16. Kf2 Qh6 17. Nf3 f5 18. Qa4 Qf6 19. Ne5 Qe7 20. Rb1 Bb7 21. Qb3
Ba6 22. Bxa6 Nxa6 23. Nxc6 Qc7 24. Qa4 Rfc8 25. Ne5 Nb8 26. Ba5 Qe7 1/2-1/2

[Event "4NCL/Div2/PAP vs. CHEDP"]
[Site "Wokefield Park ENG"]
[Date "2008.03.02"]
[Round "8.7"]
[White "Forbes, Cathy"]
[Black "Krawczuk, Michael J"]
[Result "1-0"]
[WhiteElo "2104"]
[BlackElo "2070"]
[PlyCount "93"]
[EventDate "2008.03.02"]
[EventType "team"]
[EventRounds "11"]
[EventCountry "ENG"]
[SourceDate "2007.09.15"]

1. d4 e6 2. e4 d5 3. exd5 exd5 4. Bd3 Nf6 5. Ne2 Bg4 6. f3 Bh5 7. Nf4 Bg6 8.
Nxg6 hxg6 9. Bg5 Qd6 10. Qe2+ Be7 11. Nc3 a6 12. O-O-O Nc6 13. Rde1 Nxd4 14.
Qxe7+ Qxe7 15. Rxe7+ Kxe7 16. Nxd5+ Kf8 17. Nxf6 Ne6 18. Ne4 Nxg5 19. Nxg5 b5
20. h3 Re8 21. f4 Re7 22. Rd1 Rd7 23. Be4 Rxd1+ 24. Kxd1 Ke7 25. Ke2 Rd8 26. c3
Rd6 27. Bc2 c5 28. Bb3 c4 29. Bc2 a5 30. a3 Rb6 31. Nf3 Re6+ 32. Kd2 Rb6 33.
Ne5 Rd6+ 34. Ke3 Re6 35. Kd2 Rd6+ 36. Kc1 Ke6 37. Nf3 f6 38. Nd4+ Kf7 39. Nxb5
Rb6 40. a4 Rb7 41. Nd4 Rc7 42. Be4 Rc5 43. Kd2 f5 44. Bf3 Kf6 45. h4 Rc8 46.
Nc6 Ra8 47. Kc2 1-0

[Event "4NCL/Div2/SWD1 vs. BRI1"]
[Site "Sunningdale ENG"]
[Date "2008.05.05"]
[Round "11.1"]
[White "Cobb, James E"]
[Black "Berzinsh, Roland"]
[Result "1/2-1/2"]
[WhiteElo "2425"]
[BlackElo "2417"]
[PlyCount "92"]
[EventDate "2008.05.05"]
[EventCountry "ENG"]
[SourceDate "2007.09.15"]

1. Nf3 c5 2. c4 e6 3. Nc3 d5 4. cxd5 exd5 5. d4 Nc6 6. g3 Nf6 7. Bg2 Be7 8. O-O
O-O 9. Bg5 cxd4 10. Nxd4 h6 11. Be3 Bg4 12. h3 Be6 13. Kh2 Ne5 14. Bf4 Ng6 15.
Be3 Ne5 16. Bf4 Ng6 17. e3 Nxf4 18. exf4 Bc5 19. Qd3 Qd6 20. Rad1 Rad8 21. Rfe1
Bd7 22. a3 a6 23. Re5 Rfe8 24. b4 Ba7 25. Nxd5 Rxe5 26. fxe5 Qxe5 27. f4 Qd6
28. Nf5 Qe6 29. Qc3 Kf8 30. Nxf6 gxf6 31. g4 Rc8 32. Qxc8+ Bxc8 33. Rd8+ Qe8
34. Rxe8+ Kxe8 35. Nd6+ Kd7 36. Bxb7 Kxd6 37. Bxc8 Be3 38. Bxa6 Bxf4+ 39. Kg2
Bc1 40. a4 Bd2 41. b5 Kc5 42. Kf3 f5 43. gxf5 f6 44. Bc8 Kb6 45. Ke4 h5 46. Kd5
h4 1/2-1/2

[Event "4NCL/Div2/SWD1 vs. BRI1"]
[Site "Sunningdale ENG"]
[Date "2008.05.05"]
[Round "11.2"]
[White "Rudd, Jack"]
[Black "Cooper, John G"]
[Result "1/2-1/2"]
[WhiteElo "2343"]
[BlackElo "2352"]
[PlyCount "115"]
[EventDate "2008.05.05"]
[EventCountry "ENG"]
[SourceDate "2007.09.15"]

1. e4 c6 2. d4 d5 3. Nd2 dxe4 4. Nxe4 Nd7 5. Bc4 Ngf6 6. Ng5 e6 7. Qe2 Nb6 8.
Bd3 h6 9. N5f3 c5 10. dxc5 Bxc5 11. Bd2 O-O 12. O-O-O Na4 13. Bb5 Bd7 14. Bxa4
Bxa4 15. Qc4 b5 16. Qxc5 Rc8 17. Qxc8 Qxc8 18. b3 Qc5 19. Be3 Qa3+ 20. Kb1 Ne4
21. Ne2 Rc8 22. Ne1 e5 23. f3 Nd6 24. Rd5 Nc4 25. Bc1 Qe7 26. Nd3 e4 27. fxe4
Qxe4 28. Nef4 Nb6 29. Re1 Nxd5 30. Rxe4 Nc3+ 31. Kb2 Nxe4 32. bxa4 bxa4 33. Be3
a3+ 34. Kxa3 Rxc2 35. Bxa7 Rc3+ 36. Kb2 g5 37. Bd4 Rc4 38. Ne2 f5 39. g3 Nd2
40. Ne5 Ra4 41. h3 f4 42. gxf4 gxf4 43. Bc3 Ne4 44. Be1 Ng5 45. Ng1 Kf8 46. h4
Ne6 47. Bc3 Ke7 48. Ngf3 h5 49. Nd2 Nc5 50. a3 Ke6 51. Ndf3 Kd5 52. Bb4 Ra7 53.
Kc3 Rg7 54. Bxc5 Kxc5 55. Nd3+ Kd6 56. Kd4 Ra7 57. Nfe5 Ke6 58. Nxf4+ 1/2-1/2

[Event "4NCL/Div2/SWD1 vs. BRI1"]
[Site "Sunningdale ENG"]
[Date "2008.05.05"]
[Round "11.3"]
[White "Kett, Timothy"]
[Black "Bruehl, Andreas"]
[Result "1/2-1/2"]
[WhiteElo "2239"]
[BlackElo "2387"]
[PlyCount "29"]
[EventDate "2008.05.05"]
[EventCountry "ENG"]
[SourceDate "2007.09.15"]

1. e4 e5 2. Nc3 Nf6 3. Bc4 Nxe4 4. Qh5 Nd6 5. Bb3 Be7 6. Nf3 Nc6 7. Nxe5 O-O 8.
O-O Nd4 9. d3 Nxb3 10. axb3 Ne8 11. Nd5 Nf6 12. Nxe7+ Qxe7 13. Qg5 Re8 14. Nf3
d6 15. Bd2 1/2-1/2

[Event "4NCL/Div2/SWD1 vs. BRI1"]
[Site "Sunningdale ENG"]
[Date "2008.05.05"]
[Round "11.5"]
[White "Rayner, Francis"]
[Black "Buckley, Simon"]
[Result "1/2-1/2"]
[WhiteElo "2209"]
[BlackElo "2340"]
[PlyCount "45"]
[EventDate "2008.05.05"]
[EventCountry "ENG"]
[SourceDate "2007.09.15"]

1. e4 c5 2. Nf3 d6 3. d4 cxd4 4. Nxd4 Nf6 5. Nc3 g6 6. Be3 Bg7 7. f3 Nc6 8. Qd2
O-O 9. O-O-O d5 10. exd5 Nxd5 11. Nxc6 bxc6 12. Bd4 e5 13. Bc5 Be6 14. Ne4 Qb8
15. Bc4 Rd8 16. Qa5 h6 17. Bf2 f5 18. Nc5 Bf7 19. Bb3 Qb6 20. Qa4 Qc7 21. Na6
Qb7 22. Nc5 Qc7 23. Na6 1/2-1/2

[Event "4NCL/Div2/SWD1 vs. BRI1"]
[Site "Sunningdale ENG"]
[Date "2008.05.05"]
[Round "11.6"]
[White "Buckley, David E"]
[Black "James, David J"]
[Result "1-0"]
[WhiteElo "2238"]
[BlackElo "2188"]
[PlyCount "125"]
[EventDate "2008.05.05"]
[EventCountry "ENG"]
[SourceDate "2007.09.15"]

1. Nf3 Nf6 2. g3 d5 3. Bg2 e6 4. O-O Be7 5. c4 O-O 6. d4 dxc4 7. Qc2 a6 8. a4
Nc6 9. Qxc4 Qd5 10. Nbd2 Rb8 11. e3 Na5 12. Qc3 Nc6 13. Ne5 Bb4 14. Bxd5 Bxc3
15. Bxc6 Bxd2 16. Bxd2 bxc6 17. b4 Nd5 18. Rab1 f6 19. Nxc6 Rb6 20. b5 axb5 21.
axb5 f5 22. Ne5 Rd8 23. Ba5 Rb7 24. Rfc1 Bd7 25. Rc5 Be8 26. Rbc1 Rxb5 27. Bxc7
Rxc5 28. Rxc5 Rc8 29. Bd6 Ra8 30. Kg2 g5 31. h3 Kg7 32. Nc4 h5 33. Be5+ Kg6 34.
Ra5 Rxa5 35. Nxa5 Ne7 36. Bd6 Ng8 37. f3 g4 38. hxg4 hxg4 39. fxg4 fxg4 40. Be5
Kf5 41. Kf2 Ne7 42. Nc4 Nc8 43. Nd2 Bc6 44. Ke2 Nb6 45. Kd3 Bb5+ 46. Kc2 Nc4
47. e4+ Kg6 48. Nb1 Bc6 49. Nc3 Nb6 50. Kb3 Nd7 51. Kc4 Kf7 52. Kd3 Kg6 53. Ke3
Kg5 54. Ne2 Nf8 55. Nf4 Bd7 56. Nd3 Ng6 57. Nc5 Bc8 58. Kd3 Nf8 59. Kc4 Kg6 60.
Kb5 Kf7 61. Kc6 Ke8 62. Kc7 Bd7 63. Bd6 1-0

[Event "4NCL/Div2/SWD1 vs. BRI1"]
[Site "Sunningdale ENG"]
[Date "2008.05.05"]
[Round "11.8"]
[White "Garrett, Theresa"]
[Black "Wilson, Julie"]
[Result "1/2-1/2"]
[WhiteElo "1820"]
[BlackElo "1935"]
[PlyCount "67"]
[EventDate "2008.05.05"]
[EventCountry "ENG"]
[SourceDate "2007.09.15"]

1. d4 Nf6 2. c4 e6 3. Bg5 c5 4. d5 d6 5. Nc3 Be7 6. Nf3 O-O 7. e4 Nbd7 8. Be2
a6 9. Qd2 Re8 10. O-O h6 11. Bh4 exd5 12. exd5 Nb6 13. Rfe1 Bg4 14. b3 Qc7 15.
Qf4 Bxf3 16. Bxf3 Nbd7 17. Ne4 Nxe4 18. Bxe7 Rxe7 19. Rxe4 Nf6 20. Re2 Rxe2 21.
Bxe2 Re8 22. Bd3 Re5 23. h3 Qe7 24. Qd2 Nh5 25. f4 Re3 26. Rf1 Ng3 27. Rf2 Qe8
28. Kh2 Nh5 29. Re2 Rxe2 30. Bxe2 Nf6 31. Bf3 Qe7 32. b4 Nd7 33. bxc5 Nxc5 34.
Qe2 1/2-1/2

[Event "4NCL/Div2/OXF1 vs. HKF2"]
[Site "Sunningdale ENG"]
[Date "2008.05.05"]
[Round "11.1"]
[White "Ozeren, Kemal"]
[Black "Tavoularis, Nicholas"]
[Result "1/2-1/2"]
[WhiteElo "2321"]
[BlackElo "2184"]
[PlyCount "142"]
[EventDate "2008.05.05"]
[EventCountry "ENG"]
[SourceDate "2007.09.15"]

1. d4 d6 2. c4 Nf6 3. Nc3 g6 4. e4 Bg7 5. Nf3 O-O 6. Be2 c5 7. d5 e6 8. O-O
exd5 9. exd5 Re8 10. h3 Ne4 11. Nxe4 Rxe4 12. Bd3 Re8 13. Qb3 Nd7 14. Bg5 Bf6
15. Bd2 Ne5 16. Nxe5 Bxe5 17. Rae1 b6 18. Bc3 Bxc3 19. Rxe8+ Qxe8 20. Qxc3 Qd8
21. Re1 Bd7 22. Re4 Bf5 23. Re3 Bxd3 24. Qxd3 Qf6 25. Qe2 Kf8 26. Rf3 Qe7 27.
Re3 Qf6 28. g3 Rd8 29. Kg2 Rd7 30. Re8+ Kg7 31. b3 Rb7 32. h4 h5 33. Qe3 b5 34.
cxb5 Rxb5 35. Ra8 Qd4 36. Qxd4+ cxd4 37. Rxa7 Rxd5 38. Kf1 Kf6 39. Ke2 d3+ 40.
Kd2 Ke6 41. Rc7 Rf5 42. f4 f6 43. Kxd3 g5 44. Ke4 gxh4 45. gxh4 Rb5 46. Rc3
Rb4+ 47. Kf3 d5 48. a3 Re4 49. Re3 f5 50. b4 Kd6 51. Rb3 Kc6 52. b5+ Kb6 53.
Rd3 d4 54. a4 Ka5 55. Rb3 Kxa4 56. Rb1 d3 57. b6 d2 58. Rd1 Rb4 59. Rxd2 Rxb6
60. Rd4+ Ka5 61. Rd8 Rb3+ 62. Ke2 Rh3 63. Rd5+ Kb6 64. Rxf5 Rxh4 65. Ke3 Kc6
66. Ke4 Kd6 67. Rf6+ Ke7 68. Ke5 Rh1 69. Ra6 Rb1 70. Ra7+ Kf8 71. f5 Rb6
1/2-1/2

[Event "4NCL/Div2/OXF1 vs. HKF2"]
[Site "Sunningdale ENG"]
[Date "2008.05.05"]
[Round "11.2"]
[White "Horn, Emilia"]
[Black "Savage, Ben D"]
[Result "1/2-1/2"]
[WhiteElo "2052"]
[BlackElo "2315"]
[PlyCount "62"]
[EventDate "2008.05.05"]
[EventCountry "ENG"]
[SourceDate "2007.09.15"]

1. e4 c5 2. Nf3 Nc6 3. Bb5 g6 4. Bxc6 dxc6 5. d3 Bg7 6. O-O Nf6 7. h3 O-O 8.
Nc3 Nd7 9. Bf4 e5 10. Be3 Qe7 11. Qd2 f6 12. Bh6 Rf7 13. Bxg7 Kxg7 14. Nh2 Qd6
15. Rad1 Nf8 16. f4 exf4 17. Qxf4 Qxf4 18. Rxf4 Be6 19. b3 Rd8 20. Ne2 a5 21.
Rdf1 a4 22. R4f2 Nd7 23. Nf4 Re7 24. Nxe6+ Rxe6 25. g4 h6 26. Nf3 b5 27. bxa4
b4 28. a3 Ra8 29. axb4 cxb4 30. h4 Rxa4 31. g5 hxg5 1/2-1/2

[Event "4NCL/Div2/OXF1 vs. HKF2"]
[Site "Sunningdale ENG"]
[Date "2008.05.05"]
[Round "11.3"]
[White "Eckersley-Waites, Tom"]
[Black "Johnsen, Sylvia"]
[Result "0-1"]
[WhiteElo "2222"]
[BlackElo "2043"]
[PlyCount "74"]
[EventDate "2008.05.05"]
[EventCountry "ENG"]
[SourceDate "2007.09.15"]

1. e4 e5 2. Nf3 Nc6 3. Bb5 a6 4. Ba4 Nf6 5. O-O Be7 6. Re1 b5 7. Bb3 d6 8. c3
O-O 9. h3 Na5 10. Bc2 c5 11. d4 Qc7 12. Nbd2 cxd4 13. cxd4 Re8 14. Nf1 Bf8 15.
Bg5 Nd7 16. Rc1 Qb8 17. Ne3 exd4 18. Nxd4 Bb7 19. Qd2 Nc6 20. Ndf5 Nc5 21. Nd5
Ne5 22. Qc3 Bxd5 23. exd5 b4 24. Qg3 Qb7 25. Nxg7 Bxg7 26. Rxe5 Bxe5 27. Qg4 f5
28. Bxf5 Qg7 29. Rc4 Bxb2 30. Qh5 Re1+ 31. Kh2 Be5+ 32. g3 Qf7 33. Qxf7+ Kxf7
34. Rxb4 Re2 35. Kg1 Rxa2 36. f4 Bc3 37. Rb6 Re8 0-1

[Event "4NCL/Div2/OXF1 vs. HKF2"]
[Site "Sunningdale ENG"]
[Date "2008.05.05"]
[Round "11.4"]
[White "Maciejewski, Waldemar"]
[Black "White, Michael J R"]
[Result "0-1"]
[WhiteElo "2108"]
[BlackElo "2276"]
[PlyCount "84"]
[EventDate "2008.05.05"]
[EventCountry "ENG"]
[SourceDate "2007.09.15"]

1. d4 Nf6 2. c4 g6 3. Nc3 Bg7 4. e4 d6 5. Nf3 O-O 6. Be2 e5 7. O-O Na6 8. Bg5
h6 9. Be3 Ng4 10. Bc1 c6 11. h3 exd4 12. Nxd4 Nf6 13. Bf3 Re8 14. Be3 Nc5 15.
Qc2 Nh7 16. Rad1 Ng5 17. Bxg5 hxg5 18. b4 Ne6 19. Nxe6 Bxe6 20. c5 Qf6 21. Na4
Qf4 22. Qc1 Qxc1 23. Rxc1 dxc5 24. Nxc5 Bxa2 25. Nxb7 Rab8 26. Na5 Rxb4 27.
Nxc6 Ra4 28. Rc5 f6 29. Ra1 Bf8 30. Ra5 Rxa5 31. Nxa5 Bf7 32. Nc6 Bc5 33. e5
fxe5 34. Be4 Kg7 35. Nxa7 Rf8 36. Ra5 Bb6 37. Ra6 Bxf2+ 38. Kh2 Be8 39. Nc6 Rf4
40. Bd5 Rf6 41. Ra8 Bxc6 42. Rg8+ Kh7 0-1

[Event "4NCL/Div2/OXF1 vs. HKF2"]
[Site "Sunningdale ENG"]
[Date "2008.05.05"]
[Round "11.5"]
[White "Shaw, David A"]
[Black "Forman, Karl L"]
[Result "1-0"]
[WhiteElo "2259"]
[BlackElo "2023"]
[PlyCount "113"]
[EventDate "2008.05.05"]
[EventCountry "ENG"]
[SourceDate "2007.09.15"]

1. e4 Nf6 2. e5 Nd5 3. d4 d6 4. c4 Nb6 5. exd6 exd6 6. Nc3 Nc6 7. Be3 Bf5 8. b3
Be7 9. Nf3 O-O 10. Be2 Bf6 11. Rc1 Re8 12. O-O Ne7 13. h3 Qd7 14. g4 Bxg4 15.
hxg4 Qxg4+ 16. Kh1 Nf5 17. Nh2 Qh4 18. Qd3 Nxd4 19. Bg4 h5 20. Bxd4 Bxd4 21.
Qxd4 hxg4 22. Qxg4 Qh6 23. Rg1 Re5 24. Rc2 Rae8 25. Re2 f5 26. Qf3 Nd7 27. Rxe5
Rxe5 28. Qxb7 Nf6 29. Qg2 Ng4 30. f3 Qe3 31. Nd1 Qd3 32. fxg4 Re2 33. Qd5+
Qxd5+ 34. cxd5 fxg4 35. Nc3 Rc2 36. Rg3 Rc1+ 37. Kg2 Rc2+ 38. Kg1 Kf7 39. Nxg4
g5 40. a4 Kg6 41. Ne4 Rb2 42. Ngf2 Rb1+ 43. Kg2 Kf5 44. Rxg5+ Kf4 45. Rg3 Ke5
46. Nd2 Ra1 47. Rd3 Ra2 48. Nc4+ Kf4 49. Rd4+ Kf5 50. Kf3 Ra1 51. Na5 Ra3 52.
Rd3 a6 53. Nc6 Ra1 54. Nb4 Rc1 55. Nxa6 c5 56. dxc6 Rxc6 57. Nb4 1-0

[Event "4NCL/Div2/OXF1 vs. HKF2"]
[Site "Sunningdale ENG"]
[Date "2008.05.05"]
[Round "11.6"]
[White "Tivillier, Jacques"]
[Black "Dickinson, Timothy R"]
[Result "0-1"]
[WhiteElo "1900"]
[BlackElo "2167"]
[PlyCount "50"]
[EventDate "2008.05.05"]
[EventCountry "ENG"]
[SourceDate "2007.09.15"]

1. e4 e5 2. Nf3 f5 3. exf5 e4 4. Nd4 Nf6 5. d3 c5 6. Nb3 exd3 7. Bxd3 d5 8.
Qe2+ Kf7 9. c4 b5 10. N3d2 Nc6 11. Nf3 bxc4 12. Bc2 Bd6 13. Ng5+ Kf8 14. Be3
Nd4 15. Bxd4 cxd4 16. Ne6+ Bxe6 17. Qxe6 Qc7 18. Ba4 Rd8 19. O-O Bxh2+ 20. Kh1
Rd6 21. Qe2 Ne4 22. Qh5 Qe7 23. f6 Rxf6 24. Qxd5 Rh6 25. Qa8+ Bb8+ 0-1

[Event "4NCL/Div2/OXF1 vs. HKF2"]
[Site "Sunningdale ENG"]
[Date "2008.05.05"]
[Round "11.7"]
[White "Smallbone, Kieran"]
[Black "Hogarth, Mark J"]
[Result "1-0"]
[WhiteElo "2241"]
[BlackElo "1897"]
[PlyCount "65"]
[EventDate "2008.05.05"]
[EventCountry "ENG"]
[SourceDate "2007.09.15"]

1. d4 Nf6 2. Bg5 e6 3. e3 h6 4. Bh4 d5 5. Nd2 c5 6. c3 Nc6 7. Ngf3 cxd4 8. exd4
Be7 9. Bd3 Bd7 10. Ne5 Qc7 11. f4 g5 12. Bg3 g4 13. Bh4 h5 14. O-O Ng8 15. Bxe7
Ngxe7 16. Nb3 b6 17. Qe2 f5 18. Nxc6 Nxc6 19. Bxf5 O-O-O 20. Bxe6 Bxe6 21.
Qxe6+ Kb7 22. Rae1 Rhf8 23. a4 Rde8 24. Qxe8 Rxe8 25. Rxe8 Qf7 26. Re3 h4 27.
f5 Qh5 28. f6 h3 29. f7 Qh6 30. Re2 g3 31. hxg3 Qh5 32. f8=Q Qxe2 33. Rf7+ 1-0

[Event "4NCL/Div2/WES1 vs. PPA1"]
[Site "Sunningdale ENG"]
[Date "2008.05.05"]
[Round "11.1"]
[White "Corkett, Anthony R"]
[Black "Posazhennikov, Alex"]
[Result "1/2-1/2"]
[WhiteElo "2307"]
[BlackElo "2247"]
[PlyCount "51"]
[EventDate "2008.05.05"]
[EventCountry "ENG"]
[SourceDate "2007.09.15"]

1. Nf3 d5 2. c4 d4 3. e3 c5 4. b4 g6 5. bxc5 Nc6 6. Nxd4 Nxd4 7. exd4 Bg7 8.
Bb2 Bxd4 9. Bxd4 Qxd4 10. Nc3 Nf6 11. Be2 O-O 12. O-O Rd8 13. Qb3 Qxc5 14. Rad1
Rb8 15. Nb5 e5 16. Qe3 b6 17. Nxa7 Ra8 18. Nxc8 Rdxc8 19. Ra1 Ra3 20. d3 Rca8
21. Bf3 R8a5 22. Rab1 Nd7 23. Bd5 Kg7 24. Qxc5 Rxc5 25. Rb3 Rxa2 26. f4 1/2-1/2

[Event "4NCL/Div2/WES1 vs. PPA1"]
[Site "Sunningdale ENG"]
[Date "2008.05.05"]
[Round "11.2"]
[White "Swanson, Stephen"]
[Black "Lock, Gavin R"]
[Result "1/2-1/2"]
[WhiteElo "2231"]
[BlackElo "2228"]
[PlyCount "97"]
[EventDate "2008.05.05"]
[EventCountry "ENG"]
[SourceDate "2007.09.15"]

1. e4 e6 2. d3 d5 3. Nd2 Nf6 4. f4 c5 5. g3 Nc6 6. Bg2 Be7 7. c3 O-O 8. Ngf3 b6
9. e5 Nd7 10. a3 b5 11. O-O a5 12. h4 Ba6 13. Re1 b4 14. Nf1 Qb6 15. Ne3 Qc7
16. Ng4 bxc3 17. bxc3 Nb6 18. a4 Rfe8 19. Nf2 Bc8 20. Bh3 Bd7 21. Ng5 h6 22.
Nf3 Bf8 23. Re2 Ne7 24. Rea2 Bc6 25. h5 Qb7 26. Nh4 Qd7 27. g4 Qd8 28. Nf3 Bd7
29. Bg2 Qc7 30. Qe2 Rac8 31. Bd2 Ra8 32. Bh3 Qc8 33. Nh1 Nc6 34. Bc1 d4 35. c4
Nb4 36. Ra3 Bc6 37. Bg2 Qb7 38. Kf2 Qd7 39. Ne1 Nxa4 40. Bxc6 Qxc6 41. Qf3 Nb6
42. Rxa5 Rxa5 43. Rxa5 Ra8 44. Qxc6 Nxc6 45. Rxa8 Nxa8 46. Ng3 Nb6 47. Ne4 Be7
48. Ke2 Nd7 49. Nf3 1/2-1/2

[Event "4NCL/Div2/WES1 vs. PPA1"]
[Site "Sunningdale ENG"]
[Date "2008.05.05"]
[Round "11.3"]
[White "Webb, Richard M"]
[Black "Dargan, Paul"]
[Result "1-0"]
[WhiteElo "2259"]
[BlackElo "2185"]
[Annotator "Armstrong,Malcolm"]
[PlyCount "80"]
[EventDate "2008.05.05"]
[EventCountry "ENG"]
[SourceDate "2007.09.15"]

1. e4 c6 2. d4 d5 3. Nc3 dxe4 4. Nxe4 Bf5 5. Ng3 Bg6 6. h4 h6 7. Nf3 Nd7 8. h5
Bh7 9. Bd3 Bxd3 10. Qxd3 e6 11. Bd2 Ngf6 12. O-O-O Be7 13. Kb1 Qc7 14. Qe2
O-O-O 15. Ne5 Rhf8 16. c4 c5 17. Bc3 cxd4 18. Bxd4 Nxe5 19. Bxe5 Qc6 20. f3
Rxd1+ 21. Rxd1 Rd8 22. Rxd8+ Bxd8 23. Ne4 Nxe4 24. Qxe4 Qxe4+ 25. fxe4 g6 26.
g4 Bg5 27. Kc2 Kd7 28. b4 a6 29. a4 Kc6 30. Kd3 Bc1 31. Bd4 b6 32. b5+ axb5 33.
axb5+ Kc7 34. Bg7 Bg5 35. e5 gxh5 36. gxh5 Bc1 37. Bf8 Bg5 38. Bb4 Bc1 39. Bd2
Bxd2 40. Kxd2 Kd7 {time} 1-0

[Event "4NCL/Div2/WES1 vs. PPA1"]
[Site "Sunningdale ENG"]
[Date "2008.05.05"]
[Round "11.4"]
[White "Dunn, Andrew"]
[Black "Simons, Martin J"]
[Result "1/2-1/2"]
[WhiteElo "2210"]
[BlackElo "2221"]
[PlyCount "102"]
[EventDate "2008.05.05"]
[EventCountry "ENG"]
[SourceDate "2007.09.15"]

1. d4 c5 2. c3 Nf6 3. Nf3 g6 4. Bg5 Bg7 5. Nbd2 b6 6. e4 Bb7 7. Bd3 O-O 8. h3
d6 9. Qe2 h6 10. Be3 Nc6 11. O-O cxd4 12. Nxd4 d5 13. Nxc6 Bxc6 14. e5 Ne4 15.
Bd4 Nc5 16. Bc2 Qd7 17. Qe3 Ne6 18. f4 Nxd4 19. cxd4 Rac8 20. Bd3 Bb5 21. Rac1
Bxd3 22. Qxd3 Rxc1 23. Rxc1 Rc8 24. Rxc8+ Qxc8 25. Nb3 Qc4 26. Qxc4 dxc4 27.
Nd2 b5 28. Kf2 f6 29. Ke3 Kf7 30. Ke4 Ke6 31. d5+ Kd7 32. Kd4 fxe5+ 33. fxe5 h5
34. Ne4 Kc7 35. g4 hxg4 36. hxg4 Kb6 37. g5 a5 38. d6 exd6 39. Nxd6 Kc6 40. a4
bxa4 41. Nxc4 Bf8 42. Nxa5+ Kb5 43. Nc4 Be7 44. e6 Bxg5 45. Ne5 Bf6 46. Kd5 g5
47. Ng4 Be7 48. Ne3 Kb4 49. Kc6 Kb3 50. Kb5 Bd8 51. Ng4 Be7 1/2-1/2

[Event "4NCL/Div2/WES1 vs. PPA1"]
[Site "Sunningdale ENG"]
[Date "2008.05.05"]
[Round "11.5"]
[White "Wheeler, John F"]
[Black "Rosen, Daniel B"]
[Result "1/2-1/2"]
[WhiteElo "2126"]
[BlackElo "2137"]
[PlyCount "65"]
[EventDate "2008.05.05"]
[EventCountry "ENG"]
[SourceDate "2007.09.15"]

1. d4 f5 2. g3 e6 3. Bg2 Nf6 4. Nf3 Be7 5. O-O O-O 6. c4 d5 7. b3 c6 8. Ba3 Bd7
9. Bxe7 Qxe7 10. Nc3 Be8 11. Ne5 Nbd7 12. Nd3 Bf7 13. cxd5 Nxd5 14. Qc2 Bg6 15.
e3 Nb4 16. Nxb4 Qxb4 17. a3 Qe7 18. Qe2 Nf6 19. b4 Rac8 20. Rac1 e5 21. dxe5
Qxe5 22. b5 cxb5 23. Qxb5 Rc5 24. Qb4 b6 25. Ne2 Rfc8 26. Rxc5 Qxc5 27. Rc1
Qxb4 28. Rxc8+ Qf8 29. Rxf8+ Kxf8 30. Nd4 Ne8 31. Bf1 Nd6 32. Bd3 Kf7 33. Kf1
1/2-1/2